Mid-Term Evaluation Report on the Enhanced Data Dissemination Initiative Project.

This report presents the results of the mid-term evaluation of the Enhanced Data Dissemination Initiative (EDDI) financed by the United Kingdom's Department for International Development (DFID) covering the period April 1, 2010 to September 30, 2012. The evaluation was conducted internally by t...

Volledige beschrijving

Bibliografische gegevens
Coauteur: International Monetary Fund
Formaat: Tijdschrift
Taal:English
Gepubliceerd in: Washington, D.C. : International Monetary Fund, 2013.
Reeks:Policy Papers; Policy Paper ; No. 2013/022
Online toegang:Full text available on IMF
LEADER 02469cas a2200241 a 4500
001 AALejournalIMF020342
008 230101c9999 xx r poo 0 0eng d
020 |c 5.00 USD 
020 |z 9781498342117 
022 |a 2663-3493 
040 |a BD-DhAAL  |c BD-DhAAL 
110 2 |a International Monetary Fund. 
245 1 0 |a Mid-Term Evaluation Report on the Enhanced Data Dissemination Initiative Project. 
264 1 |a Washington, D.C. :  |b International Monetary Fund,  |c 2013. 
300 |a 1 online resource (38 pages) 
490 1 |a Policy Papers 
500 |a <strong>Off-Campus Access:</strong> No User ID or Password Required 
500 |a <strong>On-Campus Access:</strong> No User ID or Password Required 
506 |a Electronic access restricted to authorized BRAC University faculty, staff and students 
520 3 |a This report presents the results of the mid-term evaluation of the Enhanced Data Dissemination Initiative (EDDI) financed by the United Kingdom's Department for International Development (DFID) covering the period April 1, 2010 to September 30, 2012. The evaluation was conducted internally by the IMF in consultation with DFID. EDDI is a five-year project (April 2010-March 2015) implemented by the IMF to improve macroeconomic statistics in 25 African countries. The project includes modules for sub-groups of countries covering national accounts, monetary statistics, government finance statistics (GFS), balance of payments statistics (BOP), and harmonization of statistics in several regional organizations. The mid-point of a five-year project is an appropriate time for all stakeholders of the project to step back and take stock of what has been accomplished in the first half of the project, what has gone well, what aspects have been disappointing, and what might be adjusted or changed to make the remainder of the project more effective in achieving its objectives. To facilitate this process, questionnaires were developed to obtain feedback from three groups: counterparts in participating countries, IMF module managers and experts, and DFID country and regional advisors. Recommendations made by the stakeholders that will be followed up in the second half of the project are listed as bullets in italics below. 
538 |a Mode of access: Internet 
830 0 |a Policy Papers; Policy Paper ;  |v No. 2013/022 
856 4 0 |z Full text available on IMF  |u http://elibrary.imf.org/view/journals/007/2013/022/007.2013.issue-022-en.xml  |z IMF e-Library